| 000 | 00419 a2200157 4500 | ||
|---|---|---|---|
| 999 |
_c529036 _d529036 |
||
| 003 | NUST | ||
| 038 | _aMSOHAIL | ||
| 082 | _a808.042 | ||
| 100 |
_aAbdul Waheed Khan _99274 |
||
| 245 |
_aInter-Faith Essays and other Articles _cAbdul Waheed Khan |
||
| 260 |
_bIslamic-Christianity _aKarachi _c2012 |
||
| 300 |
_a95 p. _c22 cm. |
||
| 500 | _aIncludes references | ||
| 650 |
_a1. Islam. _920901 |
||
| 942 |
_cBK _k297 ABD _2ddc |
||